| 000 | 00718nam a2200229Ia 4500 | ||
|---|---|---|---|
| 001 | 9074 | ||
| 003 | GE_BSU | ||
| 008 | 181216s||||||||xx |||||||||||||| ||und|| | ||
| 040 | _cGE_BSU | ||
| 080 | _a821.353.1-32 | ||
| 100 | _aლომთაძე,დ | ||
| 245 | _aეშელონი ბრუნდება ტყიბულიდან | ||
| 245 | _bმოთხრობა | ||
| 245 | _cრედ:ნ.შველიძე | ||
| 260 | _aთბილისი. | ||
| 260 | _bსახელგამი | ||
| 260 | _c1950 | ||
| 300 | _a76გვ;17სმ. | ||
| 653 | _aეშელონი ბრუნდება ტყიბულიდან | ||
| 653 | _aმოთხრობა | ||
| 942 | _cBK | ||
| 999 |
_c42378 _d42378 |
||